<?xml version="1.0" encoding="UTF-8"?><?xml-stylesheet type="text/xsl" href="static/style.xsl"?><OAI-PMH xmlns="http://www.openarchives.org/OAI/2.0/" xmlns:xsi="http://www.w3.org/2001/XMLSchema-instance" xsi:schemaLocation="http://www.openarchives.org/OAI/2.0/ http://www.openarchives.org/OAI/2.0/OAI-PMH.xsd"><responseDate>2026-04-27T12:33:35Z</responseDate><request verb="GetRecord" identifier="oai:uvadoc.uva.es:10324/8169" metadataPrefix="marc">https://uvadoc.uva.es/oai/request</request><GetRecord><record><header><identifier>oai:uvadoc.uva.es:10324/8169</identifier><datestamp>2021-06-29T10:31:39Z</datestamp><setSpec>com_10324_38</setSpec><setSpec>col_10324_852</setSpec></header><metadata><record xmlns="http://www.loc.gov/MARC21/slim" xmlns:doc="http://www.lyncode.com/xoai" xmlns:xsi="http://www.w3.org/2001/XMLSchema-instance" xmlns:dcterms="http://purl.org/dc/terms/" xsi:schemaLocation="http://www.loc.gov/MARC21/slim http://www.loc.gov/standards/marcxml/schema/MARC21slim.xsd">
<leader>00925njm 22002777a 4500</leader>
<datafield tag="042" ind1=" " ind2=" ">
<subfield code="a">dc</subfield>
</datafield>
<datafield tag="720" ind1=" " ind2=" ">
<subfield code="a">Rubio Valero, Carmen</subfield>
<subfield code="e">author</subfield>
</datafield>
<datafield tag="260" ind1=" " ind2=" ">
<subfield code="c">2014</subfield>
</datafield>
<datafield tag="520" ind1=" " ind2=" ">
<subfield code="a">Comparativa respecto de las modificaciones a causa de la Reforma Laboral  de 2012 respecto a los despidos individuales y colectivos por causas objetivas. Análisis de la jurisprudencia al respecto desde el inicio de la reforma laboral. Perspectiva de la actuación judicial en la actualidad y futuras previsiones</subfield>
</datafield>
<datafield tag="024" ind2=" " ind1="8">
<subfield code="a">http://uvadoc.uva.es/handle/10324/8169</subfield>
</datafield>
<datafield ind1=" " ind2=" " tag="653">
<subfield code="a">Extinción contrato de trabajo</subfield>
</datafield>
<datafield ind1=" " ind2=" " tag="653">
<subfield code="a">Reforma laboral</subfield>
</datafield>
<datafield tag="245" ind1="0" ind2="0">
<subfield code="a">La extinción del contrato por causas objetivas individual y colectiva: Estudio comparado tras la Reforma Laboral de 2012 y repercusión en el procedimiento judicial laboral</subfield>
</datafield>
</record></metadata></record></GetRecord></OAI-PMH>